The New American Webster Handy College Dictionary : Includes Abbreviations, Geographical Names, Foreign Words and Phrases, Forms of Address, Weights and Measures, Signs and Symbols /

保存先:
書誌詳細
第一著者: Morehead, Albert H. (ed.)
その他の著者: Morehead, Loy (edición) (edición), Morehead, Philip D. (edición y revisión) (edición y revisión)
フォーマット: 図書
言語:英語
出版事項: Nueva York, EUA : Signet : Penguin, 1995, c1995
版:3a edición
シリーズ:(Signet Book) [s.n.]
(Signet Reference)
主題:
タグ: タグ追加
タグなし, このレコードへの初めてのタグを付けませんか!

MARC

LEADER 00000nam^a2200000^a^4500
001 000318123
005 20250521000000.0
009 20260310113404.973
020 |a 0-13-032870-7 
025 |a Donación sin dato, 1 ejemplar 
037 |a Acervo ITESO - Biblioteca 
041 |a ING 
082 |a 423.  |b WEB 
100 |a Morehead, Albert H.  |e (ed.) 
240 1 1 |a [Webster's Dictionary] 
240 1 1 |a [Webster Handy College Dictionary] 
245 1 4 |a The New American Webster Handy College Dictionary :  |b Includes Abbreviations, Geographical Names, Foreign Words and Phrases, Forms of Address, Weights and Measures, Signs and Symbols /  |c Ed. de A.H. Morehead, L. Morehead ; ed. y rev. de P.D. Morehead. 
250 |a 3a edición 
264 4 |a Nueva York, EUA :  |b Signet :  |b Penguin,  |c 1995, c1995 
300 |a 796 p. 
336 |a texto  |b txt  |2 rdacontenido 
337 |a sin mediación  |b n  |2 rdamedio 
338 |a volumen  |b nc  |2 rdasoporte 
440 1 |a (Signet Book) [s.n.] 
440 1 |a (Signet Reference) 
649 |a XX 
650 |a Inglés -  |x Términos y Frases 
650 |a Inglés -  |x Glosarios, Vocabularios, etc. -  |x Tema Principal 
650 |a Inglés -  |x Enciclopedias y Diccionarios -  |x Tema Principal 
650 |a Enciclopedias y Diccionarios 
700 |a Morehead, Loy  |e (edición) 
700 |a Morehead, Philip D.  |e (edición y revisión) 
910 |a Fondo General 
920 |a Impresos - Libros 
930 |a Obras de Referencia 
905 |a 102 
901 |a 0500205189  |b IT2  |c REF  |i D  |u 20250521 
902 |a https://opac.biblio.iteso.mx/vufind/Record/000318123